Normal view MARC view

Entry Topical Term

Number of records used in: 1

001 - CONTROL NUMBER

  • control field: 1235640

003 - CONTROL NUMBER IDENTIFIER

  • control field: OSt

005 - DATE AND TIME OF LATEST TRANSACTION

  • control field: 20260424120418.0

008 - FIXED-LENGTH DATA ELEMENTS

  • fixed length control field: 260424|| aca||aabn | a|a d

040 ## - CATALOGING SOURCE

  • Original cataloging agency: OSt
  • Transcribing agency: OSt

150 ## - HEADING--TOPICAL TERM

  • Topical term or geographic name entry element: Religions-encyclopedias

670 ## - SOURCE DATA FOUND

  • Source citation: Work cat.: (OSt)23861: Routledge encyclopedia of Religious Rites, Rituals, and Festivals, 2010 .
Copyright @ Delhi University Library System